| 000 | 00657nam a2200205 a 4500 | ||
|---|---|---|---|
| 001 | 000034887 | ||
| 005 | 20200930073950.0 | ||
| 008 | 111021s1950 es 000 0 spa d | ||
| 040 |
_aDO-SdBNP _bspa _cBNPHU |
||
| 082 |
_a842.9 _bC211L |
||
| 100 | 1 |
_aCamus, Albert, _d1913-1960. _94231 |
|
| 245 | 1 | 0 |
_aLes justes : _bpièce en cinq actes / _cAlbert Camus. |
| 260 |
_a[Paris.] : _bGallimard, _c1950. |
||
| 300 |
_a212 p. ; _c19 cm. |
||
| 590 | _aPerteneció a la biblioteca personal de Juan Isidro Jimenes Grullón. | ||
| 650 | 4 |
_aTeatro francés _95359 |
|
| 650 | 4 |
_aLiteratura francesa _91074 |
|
| 910 | _aValidado. Control de calidad MFF | ||
| 049 | _aBNPD | ||
| 999 |
_c34378 _d34378 |
||